| 000 | 01014cam a22002894a 4500 | ||
|---|---|---|---|
| 001 | 16068856 | ||
| 005 | 20170105102840.0 | ||
| 008 | 100126s2011 enk b 001 0 eng | ||
| 010 | _a 2010001794 | ||
| 020 | _a9780415567343 (hardcover) | ||
| 040 |
_aDLC _cDLC |
||
| 050 | 0 | 0 |
_aJZ5595 _b.C76 2011 |
| 082 | 0 | 0 |
_a327.1 _222 |
| 245 | 0 | 0 |
_aCritical perspectives on human security : _brethinking emancipation and power in international relations / _cedited by David Chandler and Nik Hynek. |
| 260 |
_aLondon ; _aNew York : _bRoutledge, _c2011 |
||
| 300 |
_aviii, 208 p. ; _c25 cm, |
||
| 504 | _aIncludes bibliographical references and index. | ||
| 650 | 0 | _aSecurity, International. | |
| 650 | 0 | _aInternational relations. | |
| 650 | 0 | _aHuman security. | |
| 650 | 0 | _aHuman rights. | |
| 700 | 1 |
_aChandler, David, _d1962- |
|
| 700 | 1 | _aHynek, Nik. | |
| 906 |
_a7 _bcbc _corignew _d1 _eecip _f20 _gy-gencatlg |
||
| 942 |
_2ddc _cBK |
||
| 999 |
_c13827 _d13827 |
||